| 000 | 00952cam a2200241 4500 | ||
|---|---|---|---|
| 001 | ABS61621 | ||
| 008 | 000000n1999 000 0 eng u | ||
| 035 | _a(Sirsi) u102795 | ||
| 100 | _aAppleby, M. | ||
| 245 | _aIs organic conversion the path to profit? | ||
| 260 | _c1999 | ||
| 490 |
_aRural Property Bulletin _vSeptember/October 1999, 23-26(4) |
||
| 520 | _aReviews research undertaken by the Centre for Rural Studies on behalf of the RICS, looking at the viability and profitability of organic farming. Concludes that profitability depends to a large extent on the size and structure of the farm involved, and that organic farming does not represent an escape from current problems in farming. | ||
| 590 | _aABS | ||
| 650 | _aORGANIC FARMING | ||
| 650 | _aAGRICULTURE | ||
| 650 | _aEXTENSIFICATION | ||
| 650 | _aPROFITABILITY | ||
| 650 | _aRESEARCH | ||
| 650 | _aCENTRE FOR RURAL STUDIES | ||
| 690 | _aRURAL PRACTICE | ||
| 942 | _n0 | ||
| 999 |
_c61770 _d61770 |
||